000 00602nam a2200229Ia 4500
003 OSt
005 20221007071101.0
006 a|||||r|||| 00| 0
007 ta
008 221006b |||||||| |||| 00| 0 eng d
024 _a21,818
037 _cTextual
040 _aFLL
_cFLL
_beng
041 _2eng
_aeng
082 _aZ2:8e, H11
100 _aLal Jai
_9685923
245 0 _aLaw & practice of conveyancing
260 _aLahore
_bThe University Book Agency India
_c1941
300 _axxx,350,xvi
_ccm.
942 _hZ2:8e, H11
_cTEXL
_2CC
999 _c1142403
_d1142403